| 000 | 01381cam a22003854a 4500 | ||
|---|---|---|---|
| 001 | 16661587 | ||
| 003 | OSt | ||
| 005 | 20260211161006.0 | ||
| 008 | 110222s2011 nyua b 001 0 eng | ||
| 010 | _a 2011006707 | ||
| 016 | 7 |
_a015890048 _2Uk |
|
| 020 |
_a9781570759390 _qpbk. : alk. paper |
||
| 020 |
_a1570759391 _qpbk. : alk. paper |
||
| 035 | _a16661587 | ||
| 035 | _a(OCoLC)704907719 | ||
| 040 |
_aDLC _cDLC _dYDX _dUKMGB _dKAT _dYDXCP _dCDX _dDLC |
||
| 042 | _apcc | ||
| 050 | 0 | 0 |
_aBX2347.8.P66 _bM94 2011 |
| 082 | 0 | 0 |
_a261.8/325 _222 |
| 100 | 1 | _aMyers, Bryant L. | |
| 245 | 1 | 0 |
_aWalking with the poor : _bprinciples and practices of transformational development / _cBryant L. Myers. |
| 250 | _aRev. and updated ed. | ||
| 260 |
_aMaryknoll, N.Y. : _bOrbis Books, _cc2011. |
||
| 300 |
_axxx, 386 p. : _bill. ; _c24 cm. |
||
| 336 |
_atext _btxt _2rdacontent |
||
| 337 |
_aunmediated _bn _2rdamedia |
||
| 338 |
_avolume _bnc _2rdacarrier |
||
| 504 | _aIncludes bibliographical references and index. | ||
| 650 | 0 |
_aChurch work with the poor _xCatholic Church. |
|
| 650 | 0 |
_aPoverty _xReligious aspects _xCatholic Church. |
|
| 906 |
_a7 _bcbc _corignew _d1 _eecip _f20 _gy-gencatlg |
||
| 942 |
_2lcc _cBK |
||
| 999 |
_c21177 _d21176 |
||